[Event "24th Barcelona Open-A 2019"]
[Site "Barcelona"]
[Date "2019.10.05"]
[Round "9.4"]
[White "Lagarde, Maxime"]
[Black "Perez Mitjans, Orelvis"]
[Result "1-0"]
[WhiteElo "2657"]
[BlackElo "2409"]
[Annotator "TA"]
[PlyCount "67"]
[EventDate "2019.09.27"]
[EventType "swiss"]
[EventCountry "ESP"]
[SourceTitle "playchess.com"]
[Source "ChessBase"]
[SourceQuality "1"]

{[%evp 9,67,3,8,0,16,11,25,0,0,0,0,0,2,0,22,0,19,19,35,37,98,95,71,79,119,112,126,115,123,115,159,137,145,139,170,172,222,214,197,196,271,295,418,314,593,486,758,804,797,754,946,966,922,904,29989,29990,29990,29991,29991,29992]} 1. e4 c5 2. Nf3 d6 3. d4 cxd4 4. Qxd4 Nc6 5. Qe3 g6 6. Be2 {B53: Sicilian: 2...d6: Lines with Qxd4} Bg7 7. O-O Nf6 8. h3 {White has an edge.} O-O 9. Nc3 Be6 10. Rd1 Qc7 11. a3 h6 $146 ({Predecessor:} 11... Rac8 12. Rb1 a6 {½-½ (84) Demchenko,A (2679)-Sarana,A (2630) chess.com INT 2019}) 12. Rb1 Rfd8 13. Nd5 Bxd5 $1 14. exd5 Nb8 ({Better is} 14... Na5 $14) 15. c4 $36 {[%mdl 2048] White is on the roll.} Nbd7 16. Nd4 a5 17. b3 ({Inferior is} 17. Qxe7 Re8 $17) 17... Rdc8 18. Bb2 ({Stronger than} 18. Qxe7 Re8 $17) 18... Qb6 19. Bf1 Qd8 20. Re1 Qb6 21. Qd2 Qd8 22. Re3 Nb6 23. a4 Nbd7 24. Rbe1 Bf8 (24... Nc5 $142 25. Rxe7 Qf8) 25. Bd3 $18 Nc5 (25... Ne5 {was called for.} 26. Bc2 Nh5) 26. Bc2 Kh7 $2 (26... Nh5 27. Nb5 Qd7) 27. Rg3 Bg7 {[#]} (27... Ncd7 $142 28. Ne6 Qe8) 28. Ne6 $1 {[%mdl 512]} Nxe6 (28... fxe6 29. Rxg6) 29. dxe6 Nh5 30. Bxg7 Kxg7 31. Qd4+ Kh7 32. exf7 {[%csl Gg3][%cal Rc2g6] White mates.} Nxg3 33. Qg4 ({Weaker is} 33. fxg3 e5 $18) 33... Nf5 34. Re6 {Accuracy: White = 81%, Black = 28%.} 1-0

[Event "24th Barcelona Open-A 2019"]
[Site "Barcelona"]
[Date "2019.10.05"]
[Round "9.5"]
[White "Priasmoro, Novendra"]
[Black "Edouard, Romain"]
[Result "1/2-1/2"]
[WhiteElo "2484"]
[BlackElo "2640"]
[Annotator "TA"]
[PlyCount "85"]
[EventDate "2019.09.27"]
[EventType "swiss"]
[EventCountry "ESP"]
[SourceTitle "playchess.com"]
[Source "ChessBase"]
[SourceQuality "1"]

{[%evp 14,85,40,37,52,47,29,17,50,48,59,18,21,25,18,31,27,0,0,0,0,0,0,0,19,7,7,10,7,4,12,4,4,4,4,4,4,5,6,0,0,0,0,0,0,0,0,0,0,0,14,14,14,0,14,14,15,20,21,5,5,5,5,5,5,5,5,0,0,0,12,0,0,0]} 1. e4 c5 2. Nf3 d6 3. d4 cxd4 4. Nxd4 Nf6 5. Nc3 Nc6 6. Bg5 g6 7. Bxf6 exf6 8. Qd2 Bg7 $1 {B60: Sicilian: Richter-Rauzer: Unusual Black 6th moves and 6...Bd7 without 7 Qd2} 9. O-O-O O-O 10. Ndb5 f5 11. Nxd6 fxe4 12. Bc4 (12. Ncxe4 {with more complications.} Be6 13. Bc4 Qb6 14. c3 Bxc4 15. Nxc4 Qa6 16. Ncd6) (12. Ndxe4 Qxd2+ 13. Nxd2 Bf5 14. Nde4 Nb4 15. Bc4 Nxc2 {½-½ (15) Karjakin,S (2658)-Nisipeanu,L (2707) Benidorm 2005}) 12... Bg4 13. Nxf7 $146 ({Predecessor:} 13. Rde1 e3 14. fxe3 Qe7 15. h3 Rad8 16. hxg4 Rxd6 {0-1 (38) Perez Manas,B (2290)-Martinez Ramirez,E (2324) Barbera del Valles 2014}) 13... Qxd2+ 14. Rxd2 Rxf7 15. Bxf7+ Kxf7 {The position is equal.} 16. Nxe4 Bh6 {[#]} 17. f4 $1 {[%mdl 512]} Kg7 (17... Bxf4 18. Rf1) 18. g3 Re8 19. Nd6 Re7 $1 20. h3 Be6 21. Re1 Bxh3 22. Rxe7+ Nxe7 23. Ne8+ Kf7 24. Rh2 Kxe8 25. Rxh3 Ng8 26. Kd2 Kf7 27. Kd3 Bg7 28. b4 ({Much weaker is} 28. Rxh7 Nh6 $17) 28... h5 29. c4 Ke6 30. Rh1 Nh6 31. c5 Kd5 32. Re1 {[#] And now Re7 would win.} Nf5 33. Re8 Nxg3 34. Rd8+ Ke6 {aiming for ...h4.} 35. b5 {Strongly threatening c6.} Bf6 $1 {[%cal Rf6d8]} 36. Rd6+ Ke7 $1 37. Rd5 {c6 is the strong threat.} Ke8 $1 38. c6 bxc6 39. bxc6 {Black must now prevent c7.} Bd8 40. Re5+ Kf8 41. Rd5 Ke8 42. Re5+ Kf8 43. Rd5 {Accuracy: White = 71%, Black = 88%.} 1/2-1/2

[Event "24th Barcelona Open-A 2019"]
[Site "Barcelona"]
[Date "2019.10.05"]
[Round "9.6"]
[White "Semenov, Dmitri"]
[Black "Ivanisevic, Ivan"]
[Result "0-1"]
[WhiteElo "2366"]
[BlackElo "2618"]
[Annotator "TA"]
[PlyCount "58"]
[EventDate "2019.09.27"]
[EventType "swiss"]
[EventCountry "ESP"]
[SourceTitle "playchess.com"]
[Source "ChessBase"]
[SourceQuality "1"]

{[%evp 9,62,4,17,30,37,0,0,-6,8,8,8,0,3,0,0,15,20,23,14,11,12,6,27,0,0,-11,-6,-4,-2,-18,0,0,0,-61,-52,-56,-67,-48,-50,-275,-284,-256,-273,-466,-445,-512,-511,-466,-462,-29997,-29997,-29998,-29999,-29999,-29999]} 1. e4 c5 2. Nf3 e6 3. b3 a6 4. Bb2 Nc6 5. Bd3 (5. Be2 d5 6. exd5 exd5 7. d4 Nf6 8. O-O Be7 9. dxc5 O-O 10. c4 Bxc5 11. Nc3 dxc4 12. Bxc4 Bg4 13. Nd5 Nxd5 14. Bxd5 {0-1 (29) Vachier Lagrave,M (2795)-Grischuk,A (2750) chess.com INT 2017}) 5... Nb4 6. Be2 {B40: Sicilian: 2...e6, Unusual lines} d5 7. e5 $146 ({Predecessor:} 7. exd5 Nxd5 8. Ne5 Ngf6 9. O-O Bd6 10. Bf3 Qc7 11. Re1 O-O 12. Na3 Nd7 {1-0 (39) Ramiro Ovejero,J (2303)-Sanmartin Agustin,A (2026) Aragon 2012}) 7... Nc6 8. c3 {The position is equal.} d4 9. Bd3 g5 10. Be4 g4 11. Bxc6+ $1 bxc6 12. Ng1 Qg5 13. Qe2 Ne7 14. h3 gxh3 15. g3 Qf5 16. cxd4 cxd4 17. Bxd4 c5 $36 {[%mdl 2048] Black is more active.} 18. Bb2 Bb7 19. Rxh3 h5 20. Na3 Nd5 21. Qf3 (21. Bc3 $11) 21... Qg6 $1 $15 {[%mdl 1024] Black has compensation.} 22. Nc4 O-O-O $1 {[#] aiming for ...Nb4.} 23. Na5 $1 Ba8 $1 {White must now prevent ...Kb8.} 24. Rh4 $2 (24. Bc3 $15) 24... Be7 $19 25. Rc4 h4 {Threatens to win with ...h3.} 26. Rg4 $2 (26. O-O-O h3 27. Rg4) 26... Qc2 27. Nc4 h3 28. Nxh3 Rxh3 29. Qxf7 (29. Qe4 $19 Qxe4+ 30. Rxe4) 29... Rh1+ 0-1

[Event "24th Barcelona Open-A 2019"]
[Site "Barcelona"]
[Date "2019.10.05"]
[Round "9.7"]
[White "Firman, Nazar"]
[Black "Shevchenko, Kirill"]
[Result "0-1"]
[WhiteElo "2495"]
[BlackElo "2542"]
[Annotator "TA"]
[PlyCount "92"]
[EventDate "2019.09.27"]
[EventType "swiss"]
[EventCountry "ESP"]
[SourceTitle "playchess.com"]
[Source "ChessBase"]
[SourceQuality "1"]

{[%evp 9,94,23,24,24,24,35,31,22,37,31,40,54,56,29,16,-12,6,-17,-10,-35,-27,-90,-95,-86,-28,-54,-34,-44,-6,-12,-14,-35,0,0,-8,-10,32,-114,-103,-107,-103,-105,-81,-130,-115,-303,0,0,0,0,0,-41,-37,-87,-27,-20,-19,-230,-227,-229,-222,-216,-210,-314,-310,-297,-291,-451,-325,-702,-707,-695,-435,-456,-327,-300,0,-421,-421,-412,-389,-2083,-2027,-29996,-29997,-29997,-29998]} 1. e4 c5 2. Nf3 d6 3. c3 Nf6 4. h3 Bd7 5. Bd3 (5. Qc2 Bc6 6. d3 Nbd7 7. Nbd2 g6 8. d4 cxd4 9. Nxd4 Bg7 10. Be2 O-O 11. O-O Nc5 12. Nxc6 bxc6 {½-½ (68) Svidler,P (2726)-Movsesian,S (2747) Odessa 2009}) 5... Bc6 6. Qe2 $1 {B50: Sicilian: 2...d6, Miscellaneous} Nh5 7. Bc2 Nf4 8. Qf1 $1 {White is slightly better.} d5 9. d3 dxe4 10. dxe4 Qc7 11. Na3 $146 ({Predecessor:} 11. Bxf4 Qxf4 12. Nbd2 Nd7 {½-½ (40) Kostolansky,S (2379)-Shevchenko,K (2539) Teplice 2019}) 11... Nd7 12. Be3 e6 13. h4 Nh5 14. O-O-O a6 15. Rxd7 (15. Nc4 $11 {remains equal.}) 15... Bxd7 $17 16. e5 {next g4 is good for White.} f5 ({Black should try} 16... g6 $17 17. Qe2 h6) 17. Qe2 g6 18. g4 fxg4 19. Ng5 $1 O-O-O 20. Qxg4 Ng7 ({But not} 20... Qxe5 21. Nf7 $14) (20... Bc6 $5 {[%cal Rc6h1]} 21. Re1 Ng7 $11) 21. Re1 Bc6 ({Much worse is} 21... Qxe5 $6 22. Nf7 $16) 22. Nc4 Rd7 23. Nd6+ (23. Nxe6 $14 {keeps the upper hand.} Nxe6 24. Qxe6) 23... Bxd6 24. exd6 Qxd6 25. Bf4 Qd5 26. Ne4 Rf8 ({Don't play} 26... Qxa2 27. Nd6+ Rxd6 28. Bxd6 $15) 27. Bh6 $2 (27. Kb1 $17) 27... Qh5 $2 (27... Qxa2 $19 {White must now prevent ...Bxe4.} 28. Bb1 Qa4) 28. Qxh5 $11 gxh5 29. Nxc5 {[%mdl 64] Double Attack} Re7 30. Rg1 Rff7 31. f4 {[#]} Nf5 (31... b6 $1 $17 {[%cal Rb6c5]} 32. Nxa6 Nf5) 32. Bg5 Re8 {...h6 is the strong threat.} 33. b4 $2 (33. Bd1 $11 {and White has nothing to worry.}) 33... h6 $19 34. Bxf5 exf5 35. Bxh6 Rfe7 36. Nd3 (36. Rd1 $142) 36... Re2 37. Ne5 Be4 {[#] Hoping for ...Rd8.} 38. Bg5 (38. Rd1 {was called for.}) 38... Rxa2 39. Rg3 $2 (39. Rd1) 39... Re6 40. Nf7 Rc6 41. Kd1 Ra1+ 42. Kd2 Ra2+ (42... b6 $142 43. Be7 Ra2+ 44. Ke1 Kd7) 43. Kd1 $1 Rc2 44. Bh6 R6xc3 45. Rg8+ $2 (45. Rxc3+ Rxc3 46. Ne5) 45... Kc7 {( -> ...Bf3+)} 46. Bg7 Bf3+ 0-1

[Event "24th Barcelona Open-A 2019"]
[Site "Barcelona"]
[Date "2019.10.05"]
[Round "9.8"]
[White "Del Rio De Angelis, Salvador G."]
[Black "Aroshidze, Levan"]
[Result "1/2-1/2"]
[WhiteElo "2488"]
[BlackElo "2517"]
[Annotator "TA"]
[PlyCount "41"]
[EventDate "2019.09.27"]
[EventType "swiss"]
[EventCountry "ESP"]
[SourceTitle "playchess.com"]
[Source "ChessBase"]
[SourceQuality "1"]

{[%evp 19,41,-5,0,-6,0,-8,-14,-23,-3,0,0,0,8,0,0,8,3,3,6,4,10,16,10,14]} 1. d4 Nf6 2. c4 e6 3. Nc3 Bb4 4. e3 O-O 5. Bd3 d5 6. a3 Bxc3+ 7. bxc3 dxc4 8. Bxc4 c5 9. Ne2 Qc7 10. Bd3 Nc6 11. O-O {E49: Nimzo-Indian: Rubinstein: 5 Bd3 d5 6 a3 Bxc3+ 7 bxc3} e5 12. e4 cxd4 13. cxd4 Nxd4 $146 ({Predecessor:} 13... exd4 14. Qc2 Rd8 15. h3 Ne8 16. f4 Na5 17. Qxc7 Nxc7 18. Bb2 Ne6 19. Rf3 {½-½ (97) Bagirov,V (2545)-Ivanov,A Frunze 1979}) 14. Nxd4 {The position is equal.} exd4 15. Bd2 Ng4 {[%csl Gg4][%cal Rc7h2] [#]} 16. f4 Ne3 17. Qc1 Qxc1 18. Rfxc1 Bd7 19. Kf2 Bc6 20. Bxe3 dxe3+ 21. Kxe3 1/2-1/2

[Event "24th Barcelona Open-A 2019"]
[Site "Barcelona"]
[Date "2019.10.05"]
[Round "9.9"]
[White "Bharath Subramaniyam H"]
[Black "Cuhendi, Sean Winshand"]
[Result "1/2-1/2"]
[WhiteElo "2417"]
[BlackElo "2425"]
[Annotator "TA"]
[PlyCount "147"]
[EventDate "2019.09.27"]
[EventType "swiss"]
[EventCountry "ESP"]
[SourceTitle "playchess.com"]
[Source "ChessBase"]
[SourceQuality "1"]

{[%evp 10,147,26,0,3,14,17,27,35,30,43,50,100,92,118,40,81,-18,-5,-20,-33,-104,-105,-121,-40,-49,0,0,0,0,0,0,81,18,16,4,15,0,0,0,0,0,223,0,7,0,0,0,0,0,0,0,0,-10,0,0,134,2,4,-106,6,7,20,0,0,0,7,7,7,7,7,7,7,7,7,7,7,7,8,0,0,0,8,8,289,216,187,8,8,8,8,8,8,8,8,8,8,8,8,8,8,8,8,8,8,8,8,8,8,8,8,0,0,0,0,0,0,0,0,0,0,0,0,0,0,0,0,0,0,0,0,0,29986,0,0,0,0,0,0,0]} 1. e4 d5 2. exd5 Nf6 3. d4 Nxd5 4. c4 Nb6 5. Nc3 e5 6. Qe2 Be7 {B01: Scandinavian Defence} (6... Qxd4 7. Nf3 Qg4 8. Qxe5+ Qe6 9. Bf4 Na6 10. O-O-O Qxe5 11. Bxe5 f6 12. Bg3 {1-0 (12) Khlusevich,S (2639)-Danielsen,H (2512) ICCF corr 2000}) 7. dxe5 Nc6 8. Be3 {Threatening c5.} Bb4 {White has an edge.} 9. c5 Na4 $146 ({Predecessor:} 9... Nd5 10. O-O-O Bxc3 11. bxc3 O-O 12. Qb2 Bg4 13. Nf3 b5 14. cxb6 cxb6 {1-0 (40) Boog,A (2270)-Spacek,P (2410) Prague 1990}) 10. Qc2 $1 {[%cal Rc2a4]} ({Don't play} 10. Rd1 Qe7 $17) 10... Nxc3 11. bxc3 Ba5 12. f4 (12. Rc1 $16) 12... Bf5 13. Qxf5 (13. Qb3 $16) 13... Bxc3+ $11 {[%mdl 64] Double Attack} 14. Kf2 Bxa1 15. Bc4 (15. Nf3 $1 $15 Bd4 16. Nxd4 Nxd4 17. Qe4) 15... Nxe5 $1 $17 16. Bb3 Qd7 (16... Qd3 $17 17. Bxf7+ Kf8 18. Bg6+ Qxf5 19. Bxf5 Nc4) 17. Qe4 $15 {[%mdl 64] Pin} f5 (17... Qd3 $5 {[%cal Rd3e4]} 18. Qa4+ Nc6 $17) 18. Qxb7 Ng4+ 19. Kg3 Rd8 20. Nf3 Nxe3 (20... c6 $1 $11 21. Qxd7+ Rxd7) 21. Rxa1 (21. Re1 $16 Kf8 22. Rxe3) 21... c6 $11 22. Qa6 Kf8 23. Re1 Re8 $1 24. h3 g5 $1 {[%cal Rg5f4]} 25. fxg5 Kg7 $2 (25... h6 $11 26. g6 Kg7) 26. Qa4 $2 ({Better is} 26. Qa5 $18 {Intending Qc3+ and mate.} Kg6 27. Qc3 f4+ 28. Kh2) 26... Re4 27. Qa3 Kg6 $1 28. Qb2 {White threatens Qf6+ and mate.} Qg7 $36 {[%mdl 2048] Black has good play.} 29. Qd2 Qc7+ 30. Kf2 Rhe8 31. Qd6+ Qxd6 32. cxd6 {[#]} Nd5 (32... Nxg2 $1 $11 {[%mdl 512]} 33. Rxe4 (33. Kxg2 Rxe1) 33... fxe4) 33. Rxe4 (33. Rc1 $16 {Black must now prevent d7.} Nb4 34. Rc3) 33... fxe4 $16 {[%mdl 4096] Endgame KRN-KBN} 34. Nd4 {[#]} (34. d7 $11 {keeps the balance.} Rf8 {[%mdl 64] Pin} 35. Bc2) 34... e3+ ({But not} 34... Kxg5 $2 35. Bxd5 cxd5 36. d7 $18) (34... c5 $1 $17 35. Nc6 Nb4 36. Ne7+ Kxg5) 35. Ke1 $1 $11 {Threatens to win with d7.} Nb6 36. Be6 Kxg5 37. d7 Rf8 38. Bg4 {[#]} Nxd7 $1 {[%mdl 512] ...Nc5 is the strong threat.} 39. Ne6+ (39. Bxd7 Rf2) 39... Kh4 40. Nxf8 Nxf8 {KB-KN} 41. Ke2 Kg3 42. Kxe3 Ng6 43. Bf5 c5 44. Kd3 Ne5+ 45. Ke4 Nf7 {Strongly threatening ...Nd6+.} 46. Kd5 Ng5 $2 {[%mdl 8192]} (46... Kxg2 $11 {and Black stays safe.} 47. Bxh7 (47. Kxc5 h5 $16) 47... Kxh3) 47. Kxc5 $18 h5 {[#]} 48. a4 $2 (48. Kb5 $1 $18) 48... Kxg2 $11 49. h4 Nf3 50. Bg6 Nd2 51. Bxh5 Kg3 52. Bf7 Kxh4 53. Bd5 {aiming for Kb5.} a5 54. Kb5 Nb1 $1 55. Kc4 {And now Kd3 would win.} Nd2+ $1 56. Kd3 Nf1 57. Bg2 Ng3 58. Kc4 Kg5 59. Bf3 Kf4 60. Kb5 Kxf3 61. Kxa5 {KN-KP} Ne4 62. Kb4 Nf6 63. Kc5 {Hoping for Kd6.} Nd7+ 64. Kc6 Ne5+ 65. Kd5 Nd7 66. a5 Nb8 67. Kd6 Ke4 68. Kc7 Na6+ 69. Kb6 Kd5 70. Kxa6 {White wants to mate with Kb6.} Kc6 71. Ka7 Kc7 {The position is equal.} 72. Ka8 Kc8 73. a6 Kc7 74. a7 {Accuracy: White = 47%, Black = 70%.} 1/2-1/2

[Event "24th Barcelona Open-A 2019"]
[Site "Barcelona"]
[Date "2019.10.05"]
[Round "9.10"]
[White "Ladron De Guevara Pinto, Paolo"]
[Black "Serarols Mabras, Bernat"]
[Result "0-1"]
[WhiteElo "2447"]
[BlackElo "2336"]
[Annotator "TA"]
[PlyCount "52"]
[EventDate "2019.09.27"]
[EventType "swiss"]
[EventCountry "ESP"]
[SourceTitle "playchess.com"]
[Source "ChessBase"]
[SourceQuality "1"]

{[%evp 18,52,0,3,40,39,50,11,5,9,14,-31,20,27,18,-5,-18,-16,7,-95,-69,-306,-257,-288,-293,-313,-316,-360,-364,-352,-312,-574,-615,-564,-597,-575,-447]} 1. Nf3 d5 2. g3 Nf6 3. Bg2 e6 4. O-O c5 5. d3 Nc6 6. Nbd2 Be7 7. e4 O-O 8. Re1 Qc7 9. c3 dxe4 10. dxe4 b6 {C00: French: Unusual White 2nd moves} 11. e5 Nd7 12. Qe2 Bb7 {The position is equal.} 13. h4 ({Predecessor:} 13. Nf1 Rfd8 {½-½ (37) Ranola,Y (2397)-Kulkarni,R (2194) Manila 2010}) 13... Rfd8 14. Nf1 {[#]} c4 $146 {[%mdl 512]} (14... Nf8 15. h5 h6 16. Bf4 {0-1 (66) Amin,B (2662)-Lalith,B (2587) Doha 2016}) 15. Qxc4 Nc5 16. Qg4 Nd3 17. Bf4 Nxb2 18. Ng5 (18. N1d2 $1 $11) 18... Nd3 19. Nxf7 $2 (19. Nxh7 $15 Ncxe5 20. Bxb7 Qxb7 21. Bxe5 Nxe5 22. Rxe5 Kxh7 23. Rc1) 19... Kxf7 $19 20. Qh5+ Kf8 21. Qxh7 {White wants to play Bf3!} Bc5 ({Weaker is} 21... Nxe1 22. Rxe1 Bc5 23. Nd2 $19) 22. Qh8+ Kf7 23. Qh5+ Kg8 24. Be4 $2 (24. Re2) 24... Bxf2+ {[%mdl 64] [#] Double Attack. Black is clearly winning.} 25. Kh2 {Bg6! is the strong threat.} Nxf4 26. gxf4 {aiming for Bg6!} Qf7 {Accuracy: White = 27%, Black = 61%.} 0-1

[Event "24th Barcelona Open-A 2019"]
[Site "Barcelona"]
[Date "2019.10.05"]
[Round "9.12"]
[White "Krishna Teja, N."]
[Black "Barseghyan, Harutyun"]
[Result "0-1"]
[WhiteElo "2364"]
[BlackElo "2500"]
[Annotator "TA"]
[PlyCount "86"]
[EventDate "2019.09.27"]
[EventType "swiss"]
[EventCountry "ESP"]
[SourceTitle "playchess.com"]
[Source "ChessBase"]
[SourceQuality "1"]

{[%evp 22,86,3,-7,35,36,34,33,29,33,39,6,43,35,37,0,0,-17,0,0,0,-7,11,-67,-77,-64,-56,-73,-47,-80,-84,-110,-110,-114,-110,-112,-108,-95,-87,-83,-70,-60,-35,-56,-62,-58,-58,-117,-46,-46,-46,-46,-56,-56,-22,-19,-31,-931,-185,-553,0,-862,-785,-29972,-29973,-29970,-29967]} 1. Nf3 Nf6 2. c4 e6 3. Nc3 Bb4 4. d4 O-O 5. Bd2 b6 6. e3 Bb7 7. Bd3 c5 8. O-O cxd4 9. Nxd4 Be7 10. Be2 a6 11. Bf3 Qc7 12. Rc1 d6 {E43: Nimzo-Indian: Rubinstein: 4...b6} 13. Qe2 Nbd7 14. Bxb7 Qxb7 {White is slightly better.} 15. e4 $146 ({Predecessor:} 15. Rfd1 Rfe8 16. Be1 Rac8 17. f3 Ne5 18. b3 Nfd7 19. Ne4 Nc5 20. Nf2 Bf8 21. Bc3 Rb8 22. f4 Ned7 23. Qf3 Qxf3 {½-½ (22) Sanguineti,R (2480)-Grinberg,R (2425) Mar del Plata 1976}) 15... Rfe8 16. Kh1 Nf8 17. f4 N6d7 18. f5 Bf6 19. fxe6 fxe6 20. Nf3 Ng6 21. Bg5 Be5 22. Nh4 (22. Nxe5 $11 Ndxe5 23. b3) 22... Nxh4 $15 23. Bxh4 Rf8 24. Qg4 Rxf1+ 25. Rxf1 Re8 26. Rc1 Nc5 27. Bg3 Bxc3 28. Rxc3 Qxe4 {( -> ...Qb1+!)} 29. Qd1 d5 30. cxd5 exd5 31. Bf2 {Threatening Re3.} Rf8 $40 {[%mdl 128] Black attacks.} 32. Bxc5 bxc5 33. Rxc5 {[%mdl 4096] Endgame KQR-KQR} d4 34. h3 {[#]} (34. Rc4 $1 $15) 34... h6 (34... d3 $1 $17 {Hoping for ...h6.} 35. Rc3 Rd8) 35. Rc2 d3 36. Rd2 $1 Rd8 37. b4 Kh8 38. a4 Qc4 39. Rb2 $2 {[%mdl 8192]} (39. Qg4 $15 Qd5 40. Qd1) 39... Qc3 $2 (39... Re8 40. Rf2 Re2 41. Rf8+ Kh7) 40. Rd2 $2 (40. Rb3 Qc4 41. Rb2) 40... Qc4 (40... Re8 $142 41. Kg1 (41. b5 $2 Re4 $19) 41... Qd4+ 42. Kh1 Qxb4) 41. Rb2 $19 {[#]} Re8 $1 {[%cal Re8e3]} 42. g3 Re3 43. Kh2 Qe4 {Accuracy: White = 43%, Black = 53%.} 0-1

[Event "24th Barcelona Open-A 2019"]
[Site "Barcelona"]
[Date "2019.10.05"]
[Round "9.13"]
[White "Purnama, Tirta Chandra"]
[Black "Alshameary Puente, Ismael"]
[Result "0-1"]
[WhiteElo "2300"]
[BlackElo "2444"]
[Annotator "TA"]
[PlyCount "92"]
[EventDate "2019.09.27"]
[EventType "swiss"]
[EventCountry "ESP"]
[SourceTitle "playchess.com"]
[Source "ChessBase"]
[SourceQuality "1"]

{[%evp 12,114,10,12,18,16,21,16,18,27,4,13,13,0,14,-19,-16,-19,17,6,0,9,72,0,131,100,170,103,107,106,118,120,118,119,114,38,175,137,139,154,140,87,83,72,73,73,84,29,47,45,63,58,43,6,43,23,18,0,0,0,0,0,0,0,27,7,41,44,45,0,0,0,0,0,0,0,21,0,0,0,0,-275,-266,-473,-502,-500,-507,-12814,-12825,-1068,-687,-12837,-12837,-12836,-12835,-12837,-12837,-12841,-12838,-12844,-12844,-12846,-12846,-12850,-12850]} 1. d4 Nf6 2. c4 b6 3. Nc3 Bb7 4. f3 d5 5. cxd5 Nxd5 6. e4 Nxc3 7. bxc3 e5 {A50: Queen's Fianchetto Defence (1 d4 Nf6 2 c4 b6)} 8. Bb5+ (8. Be3 Be7 9. dxe5 Nd7 10. Qa4 c6 11. Rd1 b5 12. Qb3 Qa5 13. f4 O-O-O 14. Nf3 Nc5 15. Bxc5 Bxc5 {0-1 (58) Ju,W (2583)-Li,C (2720) Beijing 2017}) 8... c6 9. Bc4 b5 {The position is equal.} 10. Bb3 exd4 $146 ({Predecessor:} 10... c5 11. dxe5 Qa5 12. Bd2 c4 13. Bc2 Ba3 14. Rb1 Nd7 15. e6 fxe6 {1-0 (32) Shishkov,A (2375)-Tominga,E (1993) Viljandi 2013}) 11. cxd4 Bb4+ 12. Kf1 O-O 13. Be3 Nd7 14. Ne2 Rc8 15. Ng3 c5 16. Nf5 Nb6 (16... a5 $11) 17. Kf2 (17. dxc5 $16 Bxc5 18. Bxc5 Rxc5 19. Qd6 Qxd6 20. Nxd6) 17... Qf6 (17... c4 $11 {remains equal.} 18. Bc2 Bc3) 18. h4 {Black must now prevent Bg5.} h6 {[#]} (18... Rfe8 $16) 19. Rh3 (19. g4 $1 $18) 19... cxd4 $16 20. Qxd4 Bc3 21. Qxf6 Bxf6 {[#]} 22. Rd1 $1 Rcd8 23. Rd6 (23. Rhh1 $16) 23... Nc4 ({Black should try} 23... Rxd6 $14 24. Nxd6 Ba6) 24. Nxh6+ Kh7 25. Rxd8 Bxd8 26. Nf5 (26. Bc5 $142) 26... Nxe3 27. Kxe3 Bb6+ 28. Ke2 Bc8 {next ...g6 is good for Black.} 29. h5 ({White should play} 29. g4 $16) 29... a5 30. g4 a4 31. Bd5 b4 32. f4 Ba6+ 33. Kd1 {Threatens to win with g5.} Rd8 34. Kc2 Bc7 35. Rf3 Be2 36. Rf2 Bxg4 37. Bxf7 Bd1+ 38. Kb1 {Strongly threatening e5.} b3 (38... Bb6 $5 {[%cal Rb6f2]} 39. Rb2 Bc5 $14) 39. axb3 axb3 40. Kb2 Ra8 {And now ...Ra2+ would win.} 41. Bxb3 Rb8 42. Nd4 Bb6 43. Nc6 Rb7 44. Rg2 Bf3 (44... Be3 $5 45. Na5 $8 Rb5 $11 {[%mdl 64] Double Attack}) 45. Rg5 Bxe4 46. Nb4 $2 {[%mdl 8192]} (46. Bc2 $11 {and White has nothing to worry.} Be3+ 47. Kc3 Bxc2 48. Kxc2) 46... Bd4+ {Played: Bb6-d8} 0-1

[Event "24th Barcelona Open-A 2019"]
[Site "Barcelona"]
[Date "2019.10.05"]
[Round "9.14"]
[White "Herraiz Hidalgo, Herminio"]
[Black "Unuk, Laura"]
[Result "1/2-1/2"]
[WhiteElo "2410"]
[BlackElo "2282"]
[Annotator "TA"]
[PlyCount "53"]
[EventDate "2019.09.27"]
[EventType "swiss"]
[EventCountry "ESP"]
[SourceTitle "playchess.com"]
[Source "ChessBase"]
[SourceQuality "1"]

{[%evp 29,53,22,27,35,17,11,12,12,20,5,19,20,18,12,12,10,21,0,0,0,0,0,0,0,2,7]} 1. d4 Nf6 2. c4 e6 3. Nf3 d5 4. Nc3 Be7 5. Bg5 O-O 6. e3 b6 7. Rc1 h6 8. Bh4 Bb7 9. Be2 Nbd7 10. cxd5 exd5 11. O-O c5 12. Qa4 a6 13. dxc5 bxc5 14. Rfd1 Qb6 15. Qb3 Rac8 16. Bg3 {D58: Queen's Gambit Declined: Tartakower Defence} Rfd8 17. Ne5 {Threatening Nxd7.The position is equal.} Qxb3 18. axb3 Nb6 $1 {[#]} 19. Ra1 $146 ({Predecessor:} 19. Bf3 Ba8 20. Ra1 d4 21. exd4 cxd4 22. Ne2 Bxf3 23. gxf3 {1-0 (50) Jussupow,A (2655)-Short,N (2685) Linares 1992}) 19... d4 20. exd4 cxd4 21. Na4 Nxa4 $1 22. Rxa4 Rc2 23. Bxa6 Bxa6 24. Rxa6 Rxb2 25. Nc6 Rd7 26. Be5 ({But not} 26. Nxd4 $2 {[#]} Rxd4 $1 {[%mdl 512]} 27. Rc1 Rxb3 $19) 26... Ne4 27. Nxe7+ ({Of course not} 27. Bxd4 Bc5 $17) 1/2-1/2